[Event "Qatar Masters Open 2024"]
[Site "Doha QAT"]
[Date "2024.12.09"]
[Round "6.6"]
[White "Maghsoodloo, Parham"]
[Black "Idani, Pouya"]
[Result "1/2-1/2"]
[WhiteTitle "GM"]
[BlackTitle "GM"]
[WhiteElo "2703"]
[BlackElo "2603"]
[WhiteFideId "12539929"]
[BlackFideId "12510130"]
[EventDate "2024.12.03"]

1. d4 d5 2. c4 dxc4 3. e4 e5 4. Nf3 Bb4+ 5. Nc3 exd4 6. Nxd4 Nd7 7. Bxc4 Ngf6 8.
f3 O-O 9. Be2 Ne5 10. Be3 Qe7 11. O-O c5 12. Nc2 Rd8 13. Qe1 Ba5 14. Qf2 b6 15.
Bg5 Bxc3 16. bxc3 h6 17. Bc1 Be6 18. Qg3 Ng6 19. Qe1 Qd7 20. c4 Ne5 21. Qc3 Nc6
22. Rd1 Nd4 23. Nxd4 cxd4 24. Qb2 Qc7 25. Rxd4 Rxd4 26. Qxd4 Nd7 27. Ba3 Rc8 28.
Rd1 Qe5 29. Qd2 f6 30. f4 Qxe4 31. Bf3 Qf5 32. g4 Qg6 33. f5 Ne5 34. Qg2 Nxf3+
35. Qxf3 Bxf5 36. Qxf5 Qxf5 37. gxf5 Rxc4 38. Rd8+ Kh7 39. Rd7 Rf4 40. Rxa7 Rxf5
41. Bb4 h5 42. a4 Rf4 43. Be1 h4 44. h3 Kg6 45. Bf2 Rb4 46. Ra6 Kf5 47. Bxb6 Kf4
48. Kg2 g5 49. Bc7+ Ke4 50. Rxf6 Rxa4 51. Rf2 Rc4 52. Bd8 Rc8 53. Ba5 Rg8 54.
Bc7 Ke3 55. Bb6+ Ke4 56. Re2+ Kf5 57. Bf2 g4 58. Bxh4 gxh3+ 59. Kxh3 Kf4 60. Re7
Kf3 61. Rf7+ Ke3 62. Bg3 Ke4 63. Kg2 Re8 64. Kf2 Kd3 65. Kf3 Re3+ 66. Kf4 Re8
67. Rd7+ Ke2 68. Bh4 Rf8+ 69. Ke4 Re8+ 70. Be7 Rg8 71. Bd6 Re8+ 72. Be5 Re6 73.
Rh7 Re8 74. Rh2+ Ke1 75. Ra2 Re7 76. Kf4 Kd1 77. Bd4 Re2 78. Ra3 Re8 79. Be5 Ke2
80. Ke4 Re7 81. Ra2+ Ke1 82. Rb2 Re8 83. Rh2 Re7 84. Kd4 Kf1 85. Ra2 Re8 86. Kd5
Re7 87. Kd4 Re8 88. Ra5 Ke2 89. Ke4 Re7 90. Ra8 Kd2 91. Rh8 Ke2 92. Rh2+ Ke1 93.
Kd4 Kf1 94. Ra2 Re8 95. Bf4 Re2 96. Ra8 Re7 97. Kd3 Kf2 98. Rf8 Kg2 99. Be3 Kg3
100. Ke2 Re4 101. Rf5 Ra4 102. Rf1 Kg4 103. Kd3 Ra3+ 104. Ke4 Ra4+ 105. Bd4 Rb4
106. Rg1+ Kh4 107. Ke5 Kh3 108. Rg8 Ra4 109. Bb6 Rb4 110. Bc7 1/2-1/2

[Event "Qatar Masters Open 2024"]
[Site "Doha QAT"]
[Date "2024.12.09"]
[Round "6.7"]
[White "Ivanchuk, Vasyl"]
[Black "Artemiev, Vladislav"]
[Result "1/2-1/2"]
[WhiteTitle "GM"]
[BlackTitle "GM"]
[WhiteElo "2630"]
[BlackElo "2701"]
[WhiteFideId "14100010"]
[BlackFideId "24101605"]
[EventDate "2024.12.03"]

1. e4 e5 2. Nf3 Nc6 3. Bb5 Nf6 4. d3 Bc5 5. Bxc6 dxc6 6. O-O Nd7 7. a4 O-O 8. a5
Re8 9. Nbd2 Nf8 10. Nc4 Ng6 11. Bd2 f6 12. Kh1 Be6 13. Be3 Bxe3 14. Nxe3 c5 15.
Ng1 b5 16. axb6 axb6 17. Ne2 Qd7 18. Qd2 Nf4 19. b3 b5 20. g3 Rxa1 21. Rxa1 Nh3
22. Ng1 Nxg1 23. Kxg1 c4 24. bxc4 bxc4 25. h4 cxd3 26. cxd3 c5 27. Qc2 h5 28.
Ra3 Rc8 29. Ra6 Rc6 30. Ra5 Kh7 31. Nd5 Qd6 32. Rb5 Rc8 33. Rb6 Rc6 34. Rxc6
Qxc6 35. Ne3 Qd6 36. Qe2 g6 37. Qc2 1/2-1/2

[Event "Qatar Masters Open 2024"]
[Site "Doha QAT"]
[Date "2024.12.09"]
[Round "6.8"]
[White "Tabatabaei, M. Amin"]
[Black "Pranesh, M"]
[Result "1-0"]
[WhiteTitle "GM"]
[BlackTitle "GM"]
[WhiteElo "2695"]
[BlackElo "2582"]
[WhiteFideId "12521213"]
[BlackFideId "35028600"]
[EventDate "2024.12.03"]

1. e4 e5 2. Nf3 Nc6 3. Bc4 Nf6 4. d3 h6 5. O-O d6 6. a4 g5 7. Nc3 Bg7 8. a5 a6
9. Be3 O-O 10. h3 g4 11. hxg4 Bxg4 12. Qd2 Bxf3 13. gxf3 Nh5 14. Kg2 Nd4 15. Rh1
Qf6 16. Bxd4 Nf4+ 17. Kf1 exd4 18. Ne2 Ng6 19. f4 c6 20. Bb3 d5 21. f3 dxe4 22.
fxe4 Ne5 23. Ng3 Ng4 24. Ke2 Kh7 25. Rag1 Qg6 26. f5 Qd6 27. Nh5 Be5 28. Rxg4
Rg8 29. Rhg1 Bh8 30. Kf3 1-0

[Event "Qatar Masters Open 2024"]
[Site "Doha QAT"]
[Date "2024.12.09"]
[Round "6.9"]
[White "Vokhidov, Shamsiddin"]
[Black "Lodici, Lorenzo"]
[Result "1/2-1/2"]
[WhiteTitle "GM"]
[BlackTitle "GM"]
[WhiteElo "2681"]
[BlackElo "2564"]
[WhiteFideId "14204223"]
[BlackFideId "884189"]
[EventDate "2024.12.03"]

1. e4 e5 2. Nf3 Nc6 3. Bb5 a6 4. Ba4 Nf6 5. O-O Be7 6. Re1 b5 7. Bb3 d6 8. c3
O-O 9. h3 Nb8 10. d4 Nbd7 11. Nbd2 Bb7 12. Bc2 Re8 13. Nf1 Bf8 14. Ng3 a5 15. a4
b4 16. Bd2 exd4 17. cxd4 c5 18. Bf4 g6 19. Qd2 Rc8 20. Rad1 cxd4 21. Nxd4 Nc5
22. Bg5 h6 23. Bxh6 Bxe4 24. Bg5 Bxc2 25. Qxc2 Bg7 26. Nb5 Qd7 27. Be3 Nxa4 28.
Qxa4 Re5 29. Qxa5 Qxb5 30. Qxb5 Rxb5 31. Rxd6 Nd5 32. b3 Be5 33. Rd7 Bxg3 34.
fxg3 Nxe3 35. Rxe3 Rc3 36. Rf3 Rxf3 37. gxf3 Rc5 38. Rd4 Rc3 39. Rxb4 Rxf3 40.
Kg2 Rc3 41. h4 Kg7 42. g4 f5 43. g5 f4 44. Rb7+ Kg8 45. Kf2 f3 46. Rb6 Kg7 47.
Kg3 Kh7 48. b4 Rb3 49. b5 Kg7 50. Kf2 Kh7 51. Rb7+ Kg8 52. b6 Kh8 53. Rb8+ Kg7
54. b7 Kh7 1/2-1/2

[Event "Qatar Masters Open 2024"]
[Site "Doha QAT"]
[Date "2024.12.09"]
[Round "6.10"]
[White "Bharath, Subramaniyam H"]
[Black "Nihal, Sarin"]
[Result "1/2-1/2"]
[WhiteTitle "GM"]
[BlackTitle "GM"]
[WhiteElo "2561"]
[BlackElo "2676"]
[WhiteFideId "46634827"]
[BlackFideId "25092340"]
[EventDate "2024.12.03"]

1. e4 c5 2. c3 d5 3. exd5 Qxd5 4. d4 g6 5. Nf3 Bg7 6. Nbd2 cxd4 7. Bc4 Qa5 8.
cxd4 Nf6 9. Ne5 O-O 10. O-O Nc6 11. Ndf3 Qb6 12. b3 Bg4 13. Nxc6 Qxc6 14. Ne5
Qxc4 15. bxc4 Bxd1 16. Rxd1 Rfc8 17. Rb1 Rc7 18. Bf4 Rac8 19. h3 b6 20. Re1 e6
21. Rbd1 Nh5 22. Be3 Bxe5 23. dxe5 Rxc4 24. Rd7 Nf4 25. Rxa7 Nd5 26. Bh6 Rh4 27.
Bg5 Rhc4 28. Bh6 Rh4 29. Bg5 Rd4 30. Bh6 Rh4 1/2-1/2

[Event "Qatar Masters Open 2024"]
[Site "Doha QAT"]
[Date "2024.12.09"]
[Round "6.11"]
[White "Yakubboev, Nodirbek"]
[Black "Zemlyanskii, Ivan"]
[Result "1-0"]
[WhiteTitle "GM"]
[BlackTitle "GM"]
[WhiteElo "2668"]
[BlackElo "2543"]
[WhiteFideId "14203987"]
[BlackFideId "24249971"]
[EventDate "2024.12.03"]

1. d4 Nf6 2. c4 g6 3. Nc3 Bg7 4. e4 d6 5. Be2 O-O 6. Be3 a5 7. a3 Na6 8. Nf3 Ng4
9. Bg5 h6 10. Bh4 Nf6 11. Nd2 Qe8 12. f4 c6 13. Bf2 Nc7 14. O-O Ne6 15. Be3 c5
16. dxc5 Nxc5 17. Bxc5 dxc5 18. e5 Nd7 19. Nde4 a4 20. Kh1 Ra5 21. Nb5 Qd8 22.
Qe1 b6 23. Rd1 e6 24. Rd6 Ra6 25. Qd2 Qe7 26. Rd1 Nb8 27. Bf3 Kh8 28. Nf6 Bb7
29. Bxb7 Qxb7 30. Nd7 Nxd7 31. Rxd7 Qc6 32. Qe2 Kg8 33. h4 Raa8 34. Na7 Rxa7 35.
Rxa7 Qc8 36. Rdd7 Qc6 37. Rac7 Qa8 38. h5 g5 39. f5 exf5 40. e6 Bd4 41. exf7+
Kh8 42. Rxd4 1-0

[Event "Qatar Masters Open 2024"]
[Site "Doha QAT"]
[Date "2024.12.09"]
[Round "6.12"]
[White "Abdisalimov, Abdimalik"]
[Black "Martirosyan, Haik M."]
[Result "1-0"]
[WhiteTitle "GM"]
[BlackTitle "GM"]
[WhiteElo "2536"]
[BlackElo "2656"]
[WhiteFideId "14206323"]
[BlackFideId "13306553"]
[EventDate "2024.12.03"]

1. e4 e5 2. Nf3 Nc6 3. Bb5 Nf6 4. O-O Nxe4 5. Re1 Nd6 6. Nxe5 Be7 7. Bf1 Nxe5 8.
Rxe5 O-O 9. d4 Ne8 10. c4 Bf6 11. Re1 d5 12. cxd5 Qxd5 13. Be3 Be6 14. Nc3 Qd7
15. Bb5 Qd8 16. Qf3 c6 17. Bd3 Nc7 18. Rad1 Nd5 19. Ne4 Re8 20. a3 a5 21. h3 Rc8
22. Bb1 b6 23. Bc1 Be7 24. Re2 Nf6 25. Ng5 Bd5 26. Qd3 g6 27. Nf3 Bf8 28. Ne5
Nd7 29. Qg3 Bg7 30. Rde1 Nf8 31. h4 f6 32. Ng4 Rxe2 33. Rxe2 Bc4 34. Re1 Qxd4
35. h5 Bf7 36. Bh6 c5 37. Bxg7 Kxg7 38. h6+ Kg8 39. Qf3 f5 40. Qb7 Qxg4 41. Ba2
c4 42. Qxc8 Bd5 43. f3 Qd4+ 44. Kf1 Qd3+ 45. Re2 Qd1+ 46. Kf2 Qd4+ 47. Kg3 g5
48. Kh2 Qf4+ 49. Kg1 Qd4+ 50. Kf1 Qd1+ 51. Kf2 Qd4+ 52. Ke1 Bf7 53. Qc7 a4 54.
f4 Qg1+ 55. Kd2 Qd4+ 56. Kc1 Qg1+ 57. Kc2 Qd4 58. Qe5 Ne6 59. fxg5 b5 60. Kc1
Qg1+ 61. Re1 Qxg2 62. Qb8+ Nf8 63. Qxb5 Qg3 64. Qe5 Qxg5+ 65. Kb1 Qxh6 66. Rg1+
Ng6 67. Qxf5 Qe3 68. Rf1 Qe8 69. Ka1 Kg7 70. Qf6+ Kg8 71. Qc3 Qe4 72. Rc1 h5 73.
Bxc4 h4 74. Bxf7+ Kxf7 75. Rf1+ Kg8 76. Qc7 h3 77. Qc8+ 1-0

[Event "Qatar Masters Open 2024"]
[Site "Doha QAT"]
[Date "2024.12.09"]
[Round "6.13"]
[White "Narayanan, S.L."]
[Black "Madaminov, Mukhiddin"]
[Result "0-1"]
[WhiteTitle "GM"]
[BlackTitle "GM"]
[WhiteElo "2647"]
[BlackElo "2501"]
[WhiteFideId "5058422"]
[BlackFideId "14210703"]
[EventDate "2024.12.03"]

1. d4 d5 2. c4 c5 3. cxd5 Nf6 4. Nf3 cxd4 5. Nxd4 Nxd5 6. e4 Nf6 7. Nc3 e5 8.
Bb5+ Bd7 9. Nf5 Bxb5 10. Qxd8+ Kxd8 11. Nxb5 Nxe4 12. Be3 g6 13. f3 gxf5 14.
fxe4 Nd7 15. exf5 Bb4+ 16. Ke2 a6 17. Nc3 Bxc3 18. bxc3 Rg8 19. g3 Rg4 20. Rhd1
Rc8 21. Rd5 Ke8 22. Rad1 Rc7 23. Bc1 Ra4 24. R1d2 Re4+ 25. Kf2 Ra4 26. f6 Nxf6
27. Rxe5+ Re7 28. Rxe7+ Kxe7 29. Ke3 Ng4+ 30. Kf3 Ke6 31. Re2+ Ne5+ 32. Kg2 f6
33. h3 Rc4 34. Bd2 h5 35. Kf1 Kf5 36. Rf2+ Kg6 37. Re2 b5 38. Kg2 Nd3 39. Kf3
Kf5 40. Ke3 Nc5 41. Kf3 Na4 42. Re3 Nb6 43. Be1 Nd7 44. Re2 Ne5+ 45. Kg2 Re4 46.
Kf1 Nf3 47. Bf2 Rxe2 48. Kxe2 Ng5 49. g4+ hxg4 50. hxg4+ Kxg4 51. Kd3 Nf3 52.
Ke4 f5+ 53. Kd5 Nd2 54. Be3 Nc4 55. Bd4 f4 56. Kc6 Ne3 57. Kb7 Kf5 58. Bc5 Ke4
59. Bd6 f3 60. Bg3 Kd3 61. Bf2 Nd1 62. Bg1 Nxc3 63. Kxa6 b4 0-1

[Event "Qatar Masters Open 2024"]
[Site "Doha QAT"]
[Date "2024.12.09"]
[Round "6.14"]
[White "Harutyunyan, Tigran K."]
[Black "Mendonca, Leon Luke"]
[Result "0-1"]
[WhiteTitle "GM"]
[BlackTitle "GM"]
[WhiteElo "2524"]
[BlackElo "2642"]
[WhiteFideId "13303635"]
[BlackFideId "35028561"]
[EventDate "2024.12.03"]

1. d4 d5 2. c4 e6 3. Nc3 Bb4 4. e3 Nf6 5. Bd3 O-O 6. Ne2 dxc4 7. Bxc4 c5 8. a3
Bxc3+ 9. bxc3 Qc7 10. Bd3 Nc6 11. O-O e5 12. e4 cxd4 13. cxd4 Nxd4 14. Nxd4 exd4
15. Bd2 Ng4 16. f4 Rd8 17. Qe2 Ne3 18. Bxe3 dxe3 19. e5 Qc3 20. Rad1 Be6 21. Rf3
Bg4 22. Qxe3 Rac8 23. Rg3 Bxd1 24. Bxh7+ Kxh7 25. Qe4+ Kg8 26. Rxc3 Rxc3 27. f5
Bb3 28. h3 Rd1+ 29. Kh2 Bd5 30. Qh4 Bxg2 31. Qa4 Rd2 0-1

[Event "Qatar Masters Open 2024"]
[Site "Doha QAT"]
[Date "2024.12.09"]
[Round "6.15"]
[White "Pranav, V"]
[Black "Chanda, Sandipan"]
[Result "1/2-1/2"]
[WhiteTitle "GM"]
[BlackTitle "GM"]
[WhiteElo "2621"]
[BlackElo "2480"]
[WhiteFideId "25060783"]
[BlackFideId "5004225"]
[EventDate "2024.12.03"]

1. e4 e6 2. d4 d5 3. Nd2 c5 4. Ngf3 cxd4 5. Nxd4 Nc6 6. Bb5 Bd7 7. Nxc6 bxc6 8.
Bd3 Bd6 9. Qe2 Qc7 10. Nf3 Bf4 11. Bxf4 Qxf4 12. O-O dxe4 13. Bxe4 Nf6 14. Bd3
O-O 15. Ne5 Rfd8 16. Rad1 Be8 17. c4 c5 18. g3 Qh6 19. f4 Rd4 20. Bc2 Rad8 21.
Rxd4 Rxd4 22. Rd1 Rxd1+ 23. Qxd1 g5 24. f5 exf5 25. Bxf5 g4 26. Qe1 Qg5 27. Nxg4
Nxg4 28. Qxe8+ Kg7 29. Bxg4 Qxg4 30. Qe5+ Kg6 31. Qd6+ f6 32. Qd3+ Kg7 33. b3
Qe6 34. Kg2 h5 35. Qf3 Kg6 36. Kf2 Qe5 37. Qd3+ Kg7 38. Kf3 a5 39. Qe4 Qb2 40.
Qe2 Qa1 41. Kg2 Qd4 42. Kh3 Kg6 43. Qf3 Qd7+ 44. g4 Qe6 45. a4 Kg7 46. Kg3 Qe1+
47. Kg2 Qd2+ 48. Kh3 hxg4+ 49. Qxg4+ Kh6 50. Qe4 Qc3+ 51. Kg4 Qxb3 52. Kf5 Qxa4
53. Qh4+ Kg7 54. Qxf6+ Kh7 55. Qe7+ Kh8 56. Qxc5 Qd7+ 57. Ke4 Qg4+ 58. Kd5 Qd7+
59. Ke5 a4 60. Qb4 Qa7 61. Qf8+ Kh7 62. Qf5+ Kg8 63. Qg4+ Kf8 64. Qf3+ Kg8 65.
Qg3+ Kf8 66. Qa3+ Kf7 67. c5 Qb8+ 68. Kd4 Qxh2 69. Qf3+ Ke7 70. Qe4+ Kd8 71. Kc4
Kc7 72. Qe7+ Kc6 73. Qe6+ Kc7 74. Qb6+ Kc8 75. Qa6+ Kc7 76. Qb6+ Kc8 77. Qe6+
Kc7 78. Qe7+ Kc6 79. Qe4+ Kc7 80. Kb5 Qb2+ 81. Ka6 Qf6+ 82. Ka7 Qc6 83. Qf4+ Kc8
84. Qf8+ 1/2-1/2

[Event "Qatar Masters Open 2024"]
[Site "Doha QAT"]
[Date "2024.12.09"]
[Round "6.16"]
[White "Pham Tran Gia Phuc"]
[Black "Nguyen, Ngoc Truong Son"]
[Result "1/2-1/2"]
[WhiteTitle "IM"]
[BlackTitle "GM"]
[WhiteElo "2445"]
[BlackElo "2646"]
[WhiteFideId "12415669"]
[BlackFideId "12401110"]
[EventDate "2024.12.03"]

1. e4 e5 2. Nf3 Nc6 3. d4 exd4 4. Nxd4 Qf6 5. Nf3 Bc5 6. Nc3 Nge7 7. Bg5 Qg6 8.
Bd3 Ne5 9. Qd2 Nxd3+ 10. cxd3 h6 11. Bxe7 Bxe7 12. Nd5 Bd8 13. O-O O-O 14. Rac1
c6 15. Nf4 Qf6 16. Nh5 Qg6 17. Nf4 Qf6 18. Nh5 Qg6 19. Nf4 Qf6 20. Nh5 Qg6 21.
Nf4 1/2-1/2

[Event "Qatar Masters Open 2024"]
[Site "Doha QAT"]
[Date "2024.12.09"]
[Round "6.17"]
[White "Mamedov, Edgar"]
[Black "Ganguly, Surya Shekhar"]
[Result "1-0"]
[WhiteTitle "IM"]
[BlackTitle "GM"]
[WhiteElo "2441"]
[BlackElo "2578"]
[WhiteFideId "13739980"]
[BlackFideId "5002150"]
[EventDate "2024.12.03"]

1. d4 d5 2. c4 e6 3. Nf3 Nf6 4. Nc3 Bb4 5. cxd5 exd5 6. Bg5 h6 7. Bh4 O-O 8. e3
Bf5 9. Be2 Nbd7 10. Qb3 Qe7 11. O-O c6 12. a3 Bxc3 13. Qxc3 g5 14. Bg3 Ne4 15.
Qb4 Qe6 16. Rac1 b5 17. Bc7 Nb6 18. Ne5 Nc4 19. Nxc4 bxc4 20. f3 Ng3 21. Bxg3
Qxe3+ 22. Kh1 Qxe2 23. Rce1 Qd3 24. Qd6 Be6 25. f4 Qg6 26. Qe5 gxf4 27. Rxf4
Rae8 28. Rf6 Bd7 29. Qd6 Rxe1+ 30. Bxe1 Qe4 31. Qg3+ Kh7 32. h3 Qe7 33. Qf4
Qxe1+ 34. Kh2 Kg8 35. Qxh6 Re8 36. Qg5+ Kf8 37. Rh6 1-0

[Event "Qatar Masters Open 2024"]
[Site "Doha QAT"]
[Date "2024.12.09"]
[Round "6.18"]
[White "Sankalp, Gupta"]
[Black "Uskov, Artem"]
[Result "1/2-1/2"]
[WhiteTitle "GM"]
[BlackTitle "IM"]
[WhiteElo "2545"]
[BlackElo "2430"]
[WhiteFideId "5097010"]
[BlackFideId "34254854"]
[EventDate "2024.12.03"]

1. d4 Nf6 2. c4 e6 3. Nc3 Bb4 4. e3 O-O 5. Bd3 d5 6. cxd5 exd5 7. a3 Bd6 8. Qc2
c6 9. Nge2 b6 10. f3 c5 11. g4 c4 12. Bf5 Bxf5 13. Qxf5 g6 14. Qc2 Nc6 15. h4 b5
16. Nxb5 Qa5+ 17. Nbc3 Nb4 18. axb4 Qxa1 19. g5 Nh5 20. Nxd5 Qa6 21. Kf2 f5 22.
Bd2 Rac8 23. Nec3 Qb7 24. Qa4 Rfd8 25. Kg2 Bf8 26. e4 fxe4 27. fxe4 Rb8 28. b5
Qd7 29. Qxc4 Qg4+ 30. Kf2 Qg3+ 31. Ke2 Kh8 32. Re1 Qxh4 33. Kd1 Bg7 34. Qd3 Qg4+
35. Kc2 Qd7 36. Kb1 Qe6 37. Kc2 Rbc8 38. Ra1 Ng3 39. Rxa7 Nxe4 40. Re7 Qxd5 41.
Qxe4 Qxe4+ 1/2-1/2

[Event "Qatar Masters Open 2024"]
[Site "Doha QAT"]
[Date "2024.12.09"]
[Round "6.19"]
[White "Sahib, Singh"]
[Black "Adhiban, Baskaran"]
[Result "0-1"]
[WhiteTitle "FM"]
[BlackTitle "GM"]
[WhiteElo "2438"]
[BlackElo "2535"]
[WhiteFideId "25618342"]
[BlackFideId "5018471"]
[EventDate "2024.12.03"]

1. e4 c5 2. Nf3 Nc6 3. d4 cxd4 4. Nxd4 e6 5. Nc3 a6 6. Nxc6 bxc6 7. Bd3 d5 8.
O-O Bb7 9. Qe2 Nf6 10. e5 Nd7 11. f4 g6 12. Na4 c5 13. c4 d4 14. Be4 Qc7 15. b3
Be7 16. Bd2 Bc6 17. Ba5 Qb7 18. Bxc6 Qxc6 19. Rae1 h5 20. g3 Bd8 21. Bxd8 Kxd8
22. Qe4 Qxe4 23. Rxe4 a5 24. Nb2 Kc7 25. Nd3 Rhb8 26. Rb1 Rb6 27. Re2 a4 28.
Reb2 axb3 29. axb3 Rba6 30. Kg2 Ra2 31. Kf3 Rxb2 32. Rxb2 Kc6 33. Ke4 Nb6 34.
Ne1 Ra1 35. Nf3 Ra3 36. Kd3 Na4 37. Rb1 Nc3 38. Rb2 Nd1 39. Rb1 Nc3 40. Rb2 Ra1
41. Ng5 Re1 42. Kd2 Re3 43. Rc2 Nb1+ 44. Kd1 Rxb3 45. Ra2 Na3 46. Nxf7 Nxc4 47.
Ra6+ Kd5 48. Nd6 d3 49. Nxc4 Kxc4 50. Kd2 Rb2+ 51. Ke3 Re2+ 52. Kf3 Re1 0-1

[Event "Qatar Masters Open 2024"]
[Site "Doha QAT"]
[Date "2024.12.09"]
[Round "6.20"]
[White "Tahbaz, Arash"]
[Black "Galaviz Medina, Sion Radamantys"]
[Result "1/2-1/2"]
[WhiteTitle "IM"]
[BlackTitle "IM"]
[WhiteElo "2432"]
[BlackElo "2508"]
[WhiteFideId "12528846"]
[BlackFideId "5123119"]
[EventDate "2024.12.03"]

1. c4 e6 2. d4 d5 3. Nc3 Nf6 4. cxd5 exd5 5. Bg5 Bb4 6. Nf3 h6 7. Bxf6 Qxf6 8.
Qb3 Qd6 9. a3 Bxc3+ 10. Qxc3 O-O 11. e3 Bf5 12. Qb4 Nc6 13. Qxd6 cxd6 14. b4
Rac8 15. Kd2 a5 16. b5 Nb8 17. Bd3 Be4 18. Rhc1 Nd7 19. Be2 Nb6 20. Rxc8 Rxc8
21. Rc1 Rxc1 22. Kxc1 Bxf3 23. Bxf3 g6 24. Bd1 Kf8 25. Bb3 Ke7 26. Kc2 f5 27.
Kd3 Kf6 28. h3 Ke6 29. f3 Kf6 30. Ba2 Ke6 31. e4 f4 32. h4 g5 33. hxg5 hxg5 34.
a4 Kf6 35. Bxd5 Nxd5 36. exd5 b6 37. Ke2 1/2-1/2

[Event "Qatar Masters Open 2024"]
[Site "Doha QAT"]
[Date "2024.12.09"]
[Round "6.21"]
[White "Shuvalova, Polina"]
[Black "Rakhmatullaev, Almas"]
[Result "1-0"]
[WhiteTitle "IM"]
[BlackTitle "IM"]
[WhiteElo "2504"]
[BlackElo "2410"]
[WhiteFideId "24171760"]
[BlackFideId "14205793"]
[EventDate "2024.12.03"]

1. e4 c5 2. Nf3 d6 3. d4 cxd4 4. Nxd4 Nf6 5. Nc3 a6 6. g3 e5 7. Nb3 Be7 8. Bg2
Be6 9. O-O Nbd7 10. a4 Rc8 11. Re1 h6 12. Nd2 O-O 13. Nf1 Re8 14. Ne3 Bf8 15.
Ncd5 Bxd5 16. exd5 g6 17. a5 Nh7 18. Qg4 e4 19. Ra4 h5 20. Qd1 f5 21. Nc4 Ne5
22. Nxe5 dxe5 23. c4 Nf6 24. Bg5 Kg7 25. Qd2 Bc5 26. Rc1 Qd7 27. b3 Ng4 28. Rf1
h4 29. gxh4 e3 30. fxe3 f4 31. Kh1 Nxe3 32. Re1 Qf5 33. Bf3 e4 34. Be2 Be7 35.
Rg1 Bd6 36. h5 Rh8 37. Rb4 f3 38. Rxb7+ Kg8 39. h6 Qh3 40. Rg3 Qf5 41. Qc3 Qe5
42. Bf4 Rxc4 43. Rxg6+ Kf8 44. Bxe5 Rxc3 45. Bxc3 1-0

[Event "Qatar Masters Open 2024"]
[Site "Doha QAT"]
[Date "2024.12.09"]
[Round "6.22"]
[White "Fawzy, Adham"]
[Black "Ashraf, Artin"]
[Result "1-0"]
[WhiteTitle "GM"]
[BlackTitle "FM"]
[WhiteElo "2493"]
[BlackElo "2388"]
[WhiteFideId "10613129"]
[BlackFideId "22514805"]
[EventDate "2024.12.03"]

1. e4 c5 2. Nf3 d6 3. Bb5+ Nd7 4. c4 Nf6 5. Nc3 g6 6. d4 cxd4 7. Nxd4 Bg7 8. O-O
O-O 9. Bxd7 Bxd7 10. Rb1 Qb6 11. Nc2 a6 12. a4 Qa5 13. Qe2 Rfc8 14. Bd2 Qe5 15.
Na3 Ng4 16. g3 Nf6 17. Bf4 Qc5 18. b4 Qd4 19. Rfc1 a5 20. e5 Nh5 21. Nd5 Nxf4
22. gxf4 Re8 23. Nb5 Bxb5 24. axb5 Rac8 25. Rd1 Qxc4 26. Qxc4 Rxc4 27. exd6 exd6
28. bxa5 Ra4 29. a6 bxa6 30. b6 Rc4 31. Rdc1 Rxc1+ 32. Rxc1 Rb8 33. Rc8+ Rxc8
34. Ne7+ 1-0

[Event "Qatar Masters Open 2024"]
[Site "Doha QAT"]
[Date "2024.12.09"]
[Round "6.23"]
[White "Nazari, Arad"]
[Black "Kazhgaleyev, Murtas"]
[Result "0-1"]
[WhiteTitle "IM"]
[BlackTitle "GM"]
[WhiteElo "2401"]
[BlackElo "2488"]
[WhiteFideId "12577324"]
[BlackFideId "13700316"]
[EventDate "2024.12.03"]

1. e4 c5 2. Nf3 e6 3. d4 cxd4 4. Nxd4 a6 5. Bd3 Bc5 6. Nb3 Ba7 7. Qe2 Ne7 8. c4
O-O 9. Nc3 Nbc6 10. O-O d6 11. Be3 Ne5 12. Rad1 Bxe3 13. Qxe3 Qc7 14. f4 Ng4 15.
Qe2 Nf6 16. Bb1 e5 17. f5 b5 18. cxb5 axb5 19. Nxb5 Qb6+ 20. Kh1 d5 21. exd5
Nexd5 22. Rd2 Bb7 23. Nc3 Ba6 24. Nxd5 Nxd5 25. Qxe5 Bxf1 26. Qxd5 Rad8 27. Qf3
Bc4 28. Rxd8 Rxd8 29. Bc2 Re8 30. Qg3 Qe3 31. Qxe3 Rxe3 32. h3 Re2 33. Bb1 Bxb3 0-1

[Event "Qatar Masters Open 2024"]
[Site "Doha QAT"]
[Date "2024.12.09"]
[Round "6.24"]
[White "Srihari, L R"]
[Black "George Samir, David"]
[Result "1-0"]
[WhiteTitle "IM"]
[BlackTitle "FM"]
[WhiteElo "2484"]
[BlackElo "2272"]
[WhiteFideId "46617116"]
[BlackFideId "10657789"]
[EventDate "2024.12.03"]

1. e4 c5 2. c3 d5 3. exd5 Qxd5 4. d4 Nc6 5. Nf3 e6 6. Na3 Nf6 7. Be3 cxd4 8. Nb5
Qd8 9. Nbxd4 Nxd4 10. Bxd4 Be7 11. Bd3 O-O 12. Qc2 h6 13. O-O b6 14. Rfd1 Qe8
15. a4 Bb7 16. Ne5 Bd6 17. a5 Bxe5 18. Bxe5 Ng4 19. Bd6 Qc6 20. Bf1 Rfd8 21. Bg3
bxa5 22. Rxa5 Nf6 23. Rxa7 Ne4 24. Rxa8 Rxa8 25. Bf4 f5 26. Be3 Ng5 27. Bxg5
hxg5 28. b4 Qb6 29. Qd2 g4 30. c4 Ra4 31. Qd7 Rxb4 32. Qe8+ Kh7 33. Qh5+ Kg8 34.
Rd7 1-0

[Event "Qatar Masters Open 2024"]
[Site "Doha QAT"]
[Date "2024.12.09"]
[Round "6.25"]
[White "Mahdavi, Reza"]
[Black "Saydaliev, Saidakbar"]
[Result "1/2-1/2"]
[WhiteTitle "FM"]
[BlackTitle "IM"]
[WhiteElo "2394"]
[BlackElo "2473"]
[WhiteFideId "12595926"]
[BlackFideId "14203693"]
[EventDate "2024.12.03"]

1. e4 e5 2. Nf3 Nc6 3. Nc3 Nf6 4. d4 exd4 5. Nxd4 Bb4 6. Nxc6 bxc6 7. Bd3 O-O 8.
O-O d5 9. Bd2 Bxc3 10. Bxc3 Nxe4 11. Bxe4 dxe4 12. Re1 Qxd1 13. Raxd1 Bf5 14.
Rd4 Rfd8 15. Rc4 Rd6 16. Be5 Rd2 17. h3 e3 18. Rxe3 Rxc2 19. Rxc2 Bxc2 20. Bxc7
Bb1 21. a3 Ba2 22. Re7 f6 23. b4 Bf7 24. Ba5 a6 25. Rc7 Bd5 26. f3 Re8 27. Kf2
h5 28. Bb6 Re6 29. h4 Bc4 30. Be3 Bb5 1/2-1/2

[Event "Qatar Masters Open 2024"]
[Site "Doha QAT"]
[Date "2024.12.09"]
[Round "6.26"]
[White "Nandhidhaa, P V"]
[Black "Goutham Krishna H"]
[Result "1/2-1/2"]
[WhiteTitle "WGM"]
[BlackTitle "IM"]
[WhiteElo "2339"]
[BlackElo "2466"]
[WhiteFideId "5050847"]
[BlackFideId "25983504"]
[EventDate "2024.12.03"]

1. e4 c5 2. Nf3 g6 3. d4 cxd4 4. Nxd4 Nf6 5. Nc3 d6 6. Be3 Nc6 7. Be2 Bg7 8. O-O
O-O 9. h3 Bd7 10. Nb3 a6 11. a4 Na5 12. Nd2 Rc8 13. Nd5 Nxd5 14. exd5 b5 15.
axb5 Bxb5 16. c3 Qc7 17. Bxb5 axb5 18. Qe2 Rb8 19. b4 Nc4 20. Ra7 Rb7 21. Rxb7
Qxb7 22. Nxc4 bxc4 23. Qxc4 Rc8 24. Qa2 Bxc3 25. Rb1 Qb5 26. Rc1 Qxb4 27. Bd2
Qd4 28. Qc2 Bxd2 29. Qxc8+ Kg7 30. Rd1 Qb2 31. Qc4 Bc3 32. Kf1 Be5 33. Qe2 Qb3
34. g3 h5 35. h4 Qa4 36. Kg2 Qb3 37. Qf3 Qc4 38. Rb1 Bf6 39. Rb7 Qd4 40. Rb8 Be5
41. Rb7 Bf6 42. Rb8 Qc4 43. Rb7 Qd4 1/2-1/2